| 000 | 00809nam a22002291 4500 | ||
|---|---|---|---|
| 001 | 4062279 | ||
| 005 | 19741218000000.0 | ||
| 008 | 740410s1967 pau b 000 0 eng | ||
| 010 | _a 67012283 | ||
| 040 |
_aDLC _cDLC _dDLC |
||
| 050 | 0 | 0 |
_aBT28 _b.N47 1967 vol. 5 |
| 100 | 1 | _aHessert, Paul. | |
| 245 | 1 | 0 |
_aChristian life. _cPaul, Hessert |
| 260 |
_aPhiladelphia, _bWestminster Press _c[1967] |
||
| 300 |
_a192 p. _c21 cm. |
||
| 440 | 0 |
_aNew directions in theology today, _vv. 5 |
|
| 504 | _aBibliographical references included in "Notes" (p. [175]-185. | ||
| 650 | 0 |
_aChristian life _xHistory. |
|
| 906 |
_a7 _bcbc _corignew _du _eocip _f19 _gy-gencatlg |
||
| 942 |
_2lcc _cBK |
||
| 999 |
_c34255 _d34255 |
||